Spectrum analyzer theory and applications (Record no. 181904)
[ view plain ]
| 000 -LEADER | |
|---|---|
| fixed length control field | 01089 a2200229 4500 |
| 003 - CONTROL NUMBER IDENTIFIER | |
| control field | Nust |
| 005 - DATE AND TIME OF LATEST TRANSACTION | |
| control field | 20170207153230.0 |
| 010 ## - LIBRARY OF CONGRESS CONTROL NUMBER | |
| LC control number | 73081244 |
| 020 ## - INTERNATIONAL STANDARD BOOK NUMBER | |
| International Standard Book Number | 089006024X |
| 040 ## - CATALOGING SOURCE | |
| Transcribing agency | Nust |
| 082 00 - DEWEY DECIMAL CLASSIFICATION NUMBER | |
| Classification number | 621.380433 |
| 100 1# - MAIN ENTRY--PERSONAL NAME | |
| Personal name | Engelson, Morris. |
| 245 10 - TITLE STATEMENT | |
| Title | Spectrum analyzer theory and applications |
| Statement of responsibility, etc. | [by] Morris Engelson [and] Fred Telewski. |
| 260 ## - PUBLICATION, DISTRIBUTION, ETC. | |
| Place of publication, distribution, etc. | [Dedham, Mass.] |
| Name of publisher, distributor, etc. | Artech House |
| Date of publication, distribution, etc. | [1974] |
| 300 ## - PHYSICAL DESCRIPTION | |
| Extent | ix, 292 p. |
| Other physical details | illus. |
| Dimensions | 24 cm. |
| 490 0# - SERIES STATEMENT | |
| Series statement | Modern frontiers in applied science |
| 505 ## - FORMATTED CONTENTS NOTE | |
| Formatted contents note | Part.1: Measurement Theory(Page-3) Spectrum Analysis (Page-5) Spectrum Theory (Page-17) Fourier Analysis (page-43) Modulation theory (page-85) The Sweeping-signal Spectrum analyzer (apge-111) Part .ii : Measurement Practice (page-131) The Measurement Problem (page-133) Amplitude Modulation (page-157) Frequency Modulation (page-167) Pulsed RF (Page-191) Miscellaneous Application (page-219) Definitions of Terms (Page-245) |
| 538 ## - SYSTEM DETAILS NOTE | |
| System details note | Almirah No. 33 Shelf No. 4 |
| 650 #0 - SUBJECT ADDED ENTRY--TOPICAL TERM | |
| Topical term or geographic name entry element | Modulation (Electronics) |
| 650 #0 - SUBJECT ADDED ENTRY--TOPICAL TERM | |
| Topical term or geographic name entry element | Telecommunication Engineering |
| 700 1# - ADDED ENTRY--PERSONAL NAME | |
| Personal name | Telewski, Fred, |
| 942 ## - ADDED ENTRY ELEMENTS (KOHA) | |
| Source of classification or shelving scheme | |
| Koha item type | Book |
| Withdrawn status | Lost status | Source of classification or shelving scheme | Damaged status | Not for loan | Permanent Location | Current Location | Shelving location | Date acquired | Full call number | Barcode | Date last seen | Price effective from | Koha item type | Public note |
|---|---|---|---|---|---|---|---|---|---|---|---|---|---|---|
| Military College of Signals (MCS) | Military College of Signals (MCS) | General Stacks | 12/12/2016 | 621.380433,ENG | MCS21384 | 12/08/2016 | 12/12/2016 | Book | Almirah No. 88, Shelf No.4 |
